Blunder in Asia

Content: prologue, crisis, nanking, the doldrums, yangtze crossing, Shanghai on the eve, battle of Shanghai, liberation, changeover, readjustment, settling in,...

Bewaard in:
Bibliografische gegevens
Hoofdauteur: Forman, Harrison
Formaat: Boek
Taal:Undetermined
Gepubliceerd in: New York Didier 1950
Onderwerpen:
Tags: Voeg label toe
Geen labels, Wees de eerste die dit record labelt!
Thư viện lưu trữ: Trung tâm Học liệu Trường Đại học Cần Thơ
LEADER 00691nam a2200205Ia 4500
001 CTU_224793
008 210402s9999 xx 000 0 und d
082 |a 951.042 
082 |b F724 
100 |a Forman, Harrison 
245 0 |a Blunder in Asia 
245 0 |c Harrison Forman 
260 |a New York 
260 |b Didier 
260 |c 1950 
520 |a Content: prologue, crisis, nanking, the doldrums, yangtze crossing, Shanghai on the eve, battle of Shanghai, liberation, changeover, readjustment, settling in,... 
650 |a Communism,Chủ nghĩa cộng sản 
650 |z China,Trung Quốc 
910 |b vtbtruc 
980 |a Trung tâm Học liệu Trường Đại học Cần Thơ